00731nam a2200265Ia 4500008004000000020001800040041000800058082001700066100001500083245005000098260003900148300000800187440000600195650000700201650001300208650001400221650000700235650001300242650001600255690001600271700001700287906001100304999001900315952013100334210210b2010 xxu||||| |||| 00| 0 eng d a9788127257989 aeng a657.046 JAIP aJAIN (S P) aPractical problems in advanced accountancy V1 aLudhianabKalyani Publishersc2010 a774 a1 aV1 aproblems aPractical ain aadvanced aaccountancy aAccountancy aNARANG (K L) a066588 c148083d148083 00102ddc40708COMaALbALd2021-02-17eAK Enterprisesg295.00l0o657.046 JAIPp066588r2021-02-17 00:00:00w2021-02-17yBK